Представление документа в формате MARC21

Поле Инд. ПП Название Значение
Тип записи a
Библиографический уровень b
001 Контрольный номер a7aa5502b5754f7e9ebb3f6bf50ea324
005 Дата корректировки 20230301134329.1
040 a Служба первич. каталог. Scopus
041 0_ a Код языка текста eng
097 a Костяева О.Г.
100 1_ a Автор Ivanova A. L.
100 1_ a Автор Monkhoev R.
100 1_ a Автор Astapov I.
100 1_ a Автор Grebenyuk V.
c Титул (звания) ; кандидат технических наук; доцент (должность);
i 000089026
g Прочие сведения РИНЦ AuthorID: 29718 (https://elibrary.ru/author_profile.asp?id=29718); Scopus Author ID: 7005773032 (https://www.scopus.com/authid/detail.uri?authorId=7005773032)
j Принадлежность неизвестного автора к последователям, ученикам, сторонникам, школе и т. д. государственный университет "Дубна"
k Кафедра проектирования электроники для установок "мегасайенс"; Инженерно-физический институт
q Полное имя Гребенюк Виктор Матвеевич
u Дополнение Гребенюк В. М.
100 1_ a Автор Sagan Y.
i 100089266
j Принадлежность неизвестного автора к последователям, ученикам, сторонникам, школе и т. д. государственный университет "Дубна"
k Кафедра ядерной физики; Инженерно-физический институт
q Полное имя Сагань Ярослав Игоревич
u Дополнение Сагань Я. И.
100 1_ a Автор Tkachev L. G.
c Титул (звания) старший научный сотрудник; кандидат физико-математических наук; доцент (должность);
i 000091260
g Прочие сведения РИНЦ AuthorID: 34976 (http://elibrary.ru/author_profile.asp?id= 34976); Scopus Author ID: 8333006800 (https://www.scopus.com/authid/detail.uri?authorId=8333006800)
j Принадлежность неизвестного автора к последователям, ученикам, сторонникам, школе и т. д. государственный университет "Дубна"
k Кафедра ядерной физики; Инженерно-физический институт
q Полное имя Ткачев Леонид Григорьевич
u Дополнение Ткачев Л. Г.; Tkachev Leonid G.
245 10 a Заглавие Tunka-Grande array for high-energy gamma-ray astronomy and cosmic-ray physics: reliminary results
773 18 t Название источника Proceedings of Science
b Сведения об издании Sissa Medialab Srl
c Italy
m Специф. данные входит в Scopus; сборник трудов конференции
x ISSN 1824-8039
g Прочая информация V. 395. - P. 361
d Место и дата издания 2022
a Заголовок основной записи 37th International Cosmic Ray Conference Online – Berlin, Germany
w Контрольный № источника 427c302de3ec48df950d4e82f8826b43
901 t Тип документа b
952 c Вид литературы материалы конференции